000 01310naa a22002777a 4500
001 BR9211976
003 BR-BrBNA
005 20250721155422.0
007 ta
008 250630b bl.|||m| |||| 00| 0 por d
040 _aBR-BrBNA
_bpor
_cBiblioteca Nacional de Agricultura
041 _a(Pt)
072 _aF30
_b0180
_bG514
090 _aF30 BR9211976
100 1 _aSousa, C.N.A. de
111 1 _a15. Reuniao Nacional de Pesquisa de Trigo
_cPasso Fundo, RS (Brazil)
_d19-23 Sep 1988
245 1 _aO melhoramento genetico do trigo na regiao do Brasil central e as atividades do Centro Nacional de Pesquisa de Trigo nesta regiao
500 _aResultados de pesquisa do Centro Nacional de Pesquisa de Trigo apresentados na 15. Reuniao Nacional de Pesquisa de Trigo Passo Fundo, RS (Brasil): 1988. p. 15-30 [Summary (Pt); 14 ref.] (BR9211976-AMS)
773 0 _tResultados de pesquisa do Centro Nacional de Pesquisa de Trigo apresentados na 15. Reuniao Nacional de Pesquisa de Trigo
_wF30 BR9211976
_gPasso Fundo, RS (Brasil), 1988. p. 15-30
650 _aTRIGO
650 _aCRUZAMENTO VEGETAL
650 _aMELHORAMENTO GENETICO VEGETAL
490 _aDocumentos - Centro Nacional de Pesquisa de Trigo (Brazil)
_vno. 12
_xISSN 0101-6644
942 _cAMS
_2AGRIS
909 _a202506
_bLúcia
_c55
_dLúcia Elande
999 _c336383
_d336383